|
|
|
|
| LEADER |
00000nam2a2200000 4500 |
| 001 |
192800 |
| 005 |
20231101224436.0 |
| 035 |
|
|
|a (RuTPU)RU\TPU\book\210230
|
| 090 |
|
|
|a 192800
|
| 100 |
|
|
|a 20110309d1990 km y0rusy50 ca
|
| 101 |
0 |
|
|a rus
|
| 102 |
|
|
|a RU
|
| 105 |
|
|
|a a g 000zy
|
| 200 |
0 |
|
|a Т. 3: Машины электрические большой мощности
|a Ч. 2: Электродвигатели синхронные, генераторы синхронные
|
| 210 |
|
|
|d 1990
|
| 215 |
|
|
|a 182 с.
|c ил.
|
| 461 |
|
1 |
|0 (RuTPU)RU\TPU\book\210632
|t Машины электрические
|o справочник
|f Всесоюзный научно-исследовательский институт по стандартизации в электротехнической промышленности (ВНИИстандартэлектро)
|v Т. 3: Машины электрические большой мощности. Ч. 2: Электродвигатели синхронные, генераторы синхронные
|d 1990-
|
| 606 |
1 |
|
|a Электрические машины
|2 stltpush
|3 (RuTPU)RU\TPU\subj\27074
|9 50877
|
| 606 |
1 |
|
|a Электрические машины большой мощности
|2 stltpush
|3 (RuTPU)RU\TPU\subj\27164
|9 50960
|
| 606 |
1 |
|
|a Электродвигатели синхронные
|2 stltpush
|3 (RuTPU)RU\TPU\subj\19921
|9 45084
|
| 610 |
1 |
|
|a электродвигатели
|
| 610 |
1 |
|
|a электродвигатели синхронные
|
| 610 |
1 |
|
|a генераторы
|
| 610 |
1 |
|
|a справочники
|
| 610 |
1 |
|
|a муфты
|
| 610 |
1 |
|
|a тормоза
|
| 610 |
1 |
|
|a технические характеристики
|
| 610 |
1 |
|
|a эксплуатация
|
| 610 |
1 |
|
|a размеры
|
| 610 |
1 |
|
|a масса
|
| 675 |
|
|
|a 621.313(03)
|v 3
|
| 675 |
|
|
|a 621.313.016(03)
|v 3
|
| 675 |
|
|
|a 621.313.323(03)
|v 3
|
| 801 |
|
1 |
|a RU
|b 63413507
|c 20110309
|
| 801 |
|
2 |
|a RU
|b 63413507
|c 20131114
|g RCR
|
| 942 |
|
|
|c BK
|